Sea in the Answers - Statistics

General Stats
  • This quiz has been taken 49,121 times
    21,795 since last reset
  • The average score is 13 of 20
Answer Stats
Clue Answer % Correct
Relative of the seal Sea lion
89%
Connected to the Mediterranean via the Suez Canal Red Sea
88%
What Sally sells by the seashore Seashell
87%
Small fish species where males get "pregnant" Seahorse
84%
Often used to wrap sushi rolls Seaweed
84%
By definition, it has an elevation of zero Sea level
73%
Sinbad sailed them Seven Seas
69%
Often considered to be the world's largest lake Caspian Sea
67%
Spiky creature eaten in Japan as "uni" Sea urchin
66%
Song from "The Little Mermaid" Under the Sea
66%
Sailor's song Sea shanty
65%
Found to the north of the Aleutian Islands Bering Sea
64%
An animal found on the sea floor – not a vegetable Sea cucumber
59%
Where Lesbos and Rhodes can be found Aegean Sea
57%
Manatee or dugong Sea cow
55%
City found on Puget Sound Seattle
55%
Site of the first moon landing Sea of Tranquility
45%
Where Jesus walked on water Sea of Galilee
44%
Between the devil and the ... Deep blue sea
29%
What the goddess Venus was born from Seafoam
27%
No matching quizzes found
Score Distribution
Percent of People with Each Score
Percentile by Number Answered
Your Score History
You have not taken this quiz since the last reset